living within : (Record no. 144351)

MARC details
000 -LEADER
fixed length control field 00575nam a22001697a 4500
010 ## - LCCN (DPL NO)
LC control number ENG-120546
020 ## - INTERNATIONAL STANDARD BOOK NUMBER
Terms of availability 75.00
International Standard Book Number 9788170589921
035 ## - SYSTEM CONTROL NUMBER
System control number EN-104078
037 ## - SOURCE OF ACQUISITION
Source of stock number/acquisition DBAD/PUB
082 ## - DEWEY DECIMAL CLASSIFICATION NUMBER
Classification number 181.499
245 ## - TITLE STATEMENT
Title living within :
Statement of responsibility, etc compiled by A.S. Dalal
Remainder of title the ypga approach to psychological health and growth /
260 ## - PUBLICATION, DISTRIBUTION, ETC. (IMPRINT)
Place of publication, distribution, etc Pondicherry
Name of publisher, distributor, etc Sri Aurobindo Ashram
Date of publication, distribution, etc 2011
270 ## - ADDRESS
City Pondicherry
Address Sri Aurobindo Ashram Publication Department
Postal code 605002
300 ## - PHYSICAL DESCRIPTION
Extent xIii,197p.
Other physical details 18cm(Hb).
500 ## - GENERAL NOTE
General note Includes index
942 ## - ADDED ENTRY ELEMENTS (KOHA)
Source of classification or shelving scheme Dewey Decimal Classification
Item type English Books
Classification part 181.499
Call number suffix LIV
Holdings
Withdrawn status Lost status Not for loan Collection code Home library Current library Date acquired Source of acquisition Cost, normal purchase price Full call number Barcode Copy number Cost, replacement price Koha item type
    Not For Loan Non-fiction D.B.Act.Division Bawana 12/09/2017 DBAD/PUB 75.00 181.499 LIV EN-104078 1 75.00 English Books

© Delhi Public Library
Hit Counter
free hit counter